Statistiken für Allgemeinwissen nach dem Buchstaben H

Klicken Sie hier um das Quiz zu spielen!

Allgemein

  • Dieses Quiz wurde 156 mal gespielt
  • Das Durchschnittsergebnis liegt bei 11 aus 15

Antwortstatistiken

BeschreibungAntwort% Korrekt
Zweitgrößte deutsche StadtHamburg
100%
"... macht Kinder froh und Erwachsene ebenso!"Haribo
96%
Norden, Süden, Westen und Osten sindHimmelsrichtungen
93%
Vietnamesische HauptstadtHanoi
81%
"What ... in Vegas stays in Vegas."happens
79%
Deutscher Dichte und Schriftsteller: Heinrich ...Heine
76%
Japanische Stadt, die 1945 bombardiert wurdeHiroshima
76%
2 gegenteilige religiös vermutete Standorte des Lebens nach dem TodHimmel und Hölle
73%
Formel 1-RennfahrerHamilton
69%
Ehemaliger deutscher Bundespräsident: Theodor ...Heuss
68%
"Danach lasst uns alle streben brüderlich mit ..."Herz und Hand
67%
Bekannte UniversitätHarvard
59%
Name des US-Amerikanischen Schauspieler David...Hasselhoff
59%
Deutsche Motorsport-RennstreckeHockenheimring
54%
Eines der 7 WeltwunderHängende Gärten
43%

Verteilung der Resultate

Perzentil nach korrekt beantworteten Fragen

Anzahl Personen mit jedem Resultat

Ihre Resultats-Entwicklung

Sie haben dieses Quiz noch nicht gespielt